Κατάλογος Βιβλιοθηκών Mediterranean College

Μοιράϊδα / Μια Μοίρα σαν Νεράϊδα (Record no. 2222)

MARC details
000 -LEADER
fixed length control field 01574cam a22001934a 4500
005 - ΗΜΕΡΟΜΗΝΙΑ ΚΑΙ ΩΡΑ ΤΕΛΕΥΤΑΙΑΣ ΕΝΗΜΕΡΩΣΗΣ
Πεδίο ελέγχου 20250605164034.0
008 - FIXED-LENGTH DATA ELEMENTS--GENERAL INFORMATION
Πεδίο ελέγχου σταθερού μήκους 250528s ||||||||||||||||||||||||d
035 ## - SYSTEM CONTROL NUMBER
System control number 16753
020 ## - ISBN
ISBN 9601404023
040 ## - ΠΗΓΗ ΚΑΤΑΛΟΓΟΓΡΑΦΗΣΗΣ
Φορέας πρωτότυπης καταλογογράφησης MC Athens Campus Library
Γλώσσα καταλογογράφησης Ελληνικά, Μοντέρνα (1453-)
Modifying agency MC Athens Campus Library
Κανόνες περιγραφικής καταλογογράφησης AACR2
245 1# - ΤΙΤΛΟΣ ΚΑΙ ΔΗΛΩΣΗ ΥΠΕΥΘΥΝΟΤΗΤΑΣ
Τίτλος Μοιράϊδα / Μια Μοίρα σαν Νεράϊδα
260 ## - PUBLICATION, DISTRIBUTION, ETC.
Name of publisher, distributor, etc. Α. Α. Λιβάνη,
Date of publication, distribution, etc. 2001
300 ## - PHYSICAL DESCRIPTION
Extent 480
520 ## - SUMMARY, ETC.
Summary, etc. Υπάρχει άραγε προδιαγεγραμμένο πεπρωμένο ή τη Μοίρα μας τη φτιάχνουμε εμείς; Η ζωή είναι πορεία κυκλική - κύκλοι μικροί μέσα σε μεγαλύτερους. Γιατί η γή είναι μια σφαίρα που γυρίζει κι ό,τι δεν πρόλαβε μπορεί να ξανάρθει. Ιστορίες με Γάτους, Ο Σοφοκλής και ο Σερέντουα, Στάλα σαν Θάλασσα, Σταθμάρχης με δύο σταθμά, Σε Βαθιά Νερά, Ραπτική και Μαντική, Σκουπίδια Έρωτας,Κορμανδία, Ο Μαγικός Διακόπτης, Η Στροφη, Ένας Κοινός Κυνόδοντας, Ένας Γενναίος Πολεμιστης, Ιλάν, Η Τόλμη Πάλι, Η Τελευταία Συγκίνηση της Ημέρας, Ψηλαφιστά την Ηδονή, Εις Οιωνός Άριστος, Ένα Αλλιώτικο Μάθημα, Ο Κόσμος Ολόκληρος.
700 1# - ΠΡΟΣΘΕΤΗ ΑΝΑΓΡΑΦΗ--ΦΥΣΙΚΟ ΠΡΟΣΩΠΟ
Personal name Ομηρόλη Εύα
9 (RLIN) 2843
942 ## - ADDED ENTRY ELEMENTS (KOHA)
Koha item type Books
Holdings
Τύπος τεκμηρίου Βιβλιοθήκη Τρέχουσα τοποθεσία Barcode Αριθμός εισαγωγής Ημερομηνία απόκτησης Ταξιθετικό σύμβολο Αριθμός αντιτύπου Κατάσταση απόσυρσης Κατάσταση χαμένου Κατάσταση κατεστραμμένου Μη δανεισμός Σύνολο δανεισμών Ημερομηνία τελευταίας εμφάνισης Η τιμή ισχύει από
Books MC Athens Campus Library MC Athens Campus Library 9780000022219 4975 05/06/2025 889.3 OMI 1           05/06/2025 05/06/2025

MC Athens Campus Library
Πατησίων 94 & Κοδριγκτώνος 13, 104 34
Πελλήνης 8 & Πατησίων 107, 112 51
Τ: +30 210 8899600

MC Thessaloniki Campus Library
Ίωνος Δραγούμη 21, 54625 | Ίωνος Δραγούμη 15, 54625
Τ: +30 2310 287779 – Τ: +30 2314 440300